[Event "DM Kandidatklassen 2024"]
[Site "Svendborg"]
[Date "2024.03.27"]
[Round "2"]
[White "Sandmann, Villads Majvang"]
[Black "Nielsen, Henning"]
[Result "1-0"]
[WhiteElo "1983"]
[BlackElo "2025"]
[PlyCount "97"]
[EventDate "2024.03.26"]
[EventType "swiss"]
[EventRounds "7"]
[EventCountry "DEN"]
[SourceTitle "Live v. Kasper Jerwiarz"]

1. e4 e5 2. Nf3 Nc6 3. Bb5 a6 4. Ba4 Nf6 5. O-O Be7 6. Re1 b5 7. Bb3 O-O 8. a4 Bb7 9. d3 h6 10. axb5 axb5 11. Rxa8 Bxa8 12. Nc3 b4 13. Nd5 Bc5 14. c3 Re8 15. cxb4 Nxb4 16. Nxb4 Bxb4 17. Bxf7+ Kxf7 18. Qb3+ Nd5 19. Re2 d6 20. exd5 Qb8 21. Rc2 Bc5 22. Qxb8 Rxb8 23. Nxe5+ Ke8 24. Nc6 Rb3 25. Rc3 Rb5 26. b4 Bb6 27. Be3 Rxd5 28. Bxb6 cxb6 29. Kf1 Bb7 30. Ke2 Rb5 31. Rc4 d5 32. Nd4 dxc4 33. Nxb5 cxd3+ 34. Kd2 Bxg2 35. Nc3 Kd7 36. Kxd3 Ke6 37. Kd4 Kf5 38. Nd5 Kg4 39. Nxb6 Kf3 40. Nd5 Bf1 41. Ne3 Be2 42. Nf5 Kxf2 43. Nxg7 Kg2 44. Nf5 h5 45. Ke3 Bc4 46. h4 Kh3 47. Kf4 Bd3 48. Kg5 Kg2 49. Nd6 1-0

[Event "DM Kandidatklassen 2024"]
[Site "Svendborg"]
[Date "2024.03.27"]
[Round "2"]
[White "Iskos, Lukas"]
[Black "Snedker, Oliver Kaehne"]
[Result "1-0"]
[WhiteElo "2059"]
[BlackElo "2015"]
[PlyCount "37"]
[EventDate "2024.03.26"]
[EventType "swiss"]
[EventRounds "7"]
[EventCountry "DEN"]
[SourceTitle "Live v. Kasper Jerwiarz"]

1. d4 d5 2. Nf3 Nf6 3. c4 c6 4. e3 e6 5. b3 Nbd7 6. Bb2 Bd6 7. Bd3 O-O 8. O-O Re8 9. Ne5 Qc7 10. f4 Ne4 11. Nc3 Nxc3 12. Bxh7+ Kf8 13. Bxc3 Nf6 14. Bd3 a5 15. a4 b6 16. Qe1 dxc4 17. bxc4 c5 18. Qh4 Bb7 19. Qh8+ 1-0

[Event "DM Kandidatklassen 2024"]
[Site "Svendborg"]
[Date "2024.03.28"]
[Round "3"]
[White "Rewitz, Poul"]
[Black "Loftgaard, Mikkel Vinh"]
[Result "1/2-1/2"]
[WhiteElo "2241"]
[BlackElo "2224"]
[PlyCount "52"]
[EventDate "2024.03.26"]
[EventType "swiss"]
[EventRounds "7"]
[EventCountry "DEN"]
[SourceTitle "Live v. Kasper Jerwiarz"]

1. d4 Nf6 2. Nf3 d5 3. e3 c5 4. c3 e6 5. Nbd2 Bd6 6. Bd3 Nc6 7. O-O O-O 8. Re1 e5 9. dxe5 Nxe5 10. Nxe5 Bxe5 11. e4 Re8 12. exd5 Qxd5 13. Nf3 Bg4 14. Bxh7+ Kxh7 15. Qxd5 Bxh2+ 16. Kxh2 Nxd5 17. Ng5+ Kg6 18. Bd2 Rad8 19. f3 Bc8 20. Rxe8 Rxe8 21. Ne4 b6 22. c4 Nf6 23. Nxf6 Kxf6 24. Bc3+ Kg6 25. Rd1 Re2 26. Rd2 Rxd2 1/2-1/2

[Event "DM Kandidatklassen 2024"]
[Site "Svendborg"]
[Date "2024.03.28"]
[Round "3"]
[White "Hansen, Soren Bech"]
[Black "Perets, Dmytro"]
[Result "1-0"]
[WhiteElo "2213"]
[BlackElo "2137"]
[PlyCount "75"]
[EventDate "2024.03.26"]
[EventType "swiss"]
[EventRounds "7"]
[EventCountry "DEN"]
[SourceTitle "Live v. Kasper Jerwiarz"]

1. e4 c5 2. Nf3 Nc6 3. Bb5 g6 4. Bxc6 dxc6 5. d3 Bg7 6. h3 Nf6 7. Nc3 Nd7 8. Be3 b6 9. Qd2 h6 10. O-O e5 11. Nh2 g5 12. Ne2 Nf8 13. Ng3 Ng6 14. Nh5 O-O 15. Ng4 Qe7 16. g3 f5 17. exf5 Bxf5 18. Qc3 Kh7 19. Nxg7 Qxg7 20. f3 Be6 21. Rf2 h5 22. Nh2 Bxh3 23. Bxg5 Rf5 24. Qd2 Nf4 25. Bh4 Raf8 26. Kh1 Ne6 27. Qe3 Ng5 28. Rg1 Qh6 29. Bxg5 Rxg5 30. Nf1 Qg6 31. Qe4 Bf5 32. Qh4 Bg4 33. Nd2 Rgf5 34. Kg2 Qf7 35. Rgf1 Qd5 36. Ne4 Qxa2 37. fxg4 Rxf2+ 38. Rxf2 1-0

[Event "DM Kandidatklassen 2024"]
[Site "Svendborg"]
[Date "2024.03.28"]
[Round "3"]
[White "Falkesgaard, Jeppe Hald"]
[Black "Nielsen Refs, Karl Emil Elmer"]
[Result "1-0"]
[WhiteElo "2200"]
[BlackElo "2067"]
[PlyCount "167"]
[EventDate "2024.03.26"]
[EventType "swiss"]
[EventRounds "7"]
[EventCountry "DEN"]
[SourceTitle "Live v. Kasper Jerwiarz"]

1. Nf3 d5 2. c4 d4 3. g3 c5 4. Bg2 Nc6 5. O-O Nf6 6. d3 h6 7. e3 e6 8. exd4 cxd4 9. Re1 Bd6 10. Nbd2 O-O 11. a3 a5 12. Qc2 Qe7 13. Nb3 Bc5 14. Nxc5 Qxc5 15. Qe2 b5 16. b4 Qb6 17. cxb5 Qxb5 18. a4 Qb6 19. b5 Nb4 20. Nxd4 Bb7 21. Bxb7 Qxb7 22. Ba3 Nfd5 23. Nc6 Nc3 24. Qg4 Nxa4 25. Nxa5 Qxb5 26. Qxb4 Qd7 27. Re4 f5 28. Qxa4 Qd5 29. Rd4 Rxa5 30. Rxd5 Rxa4 31. Rb5 Rfa8 32. Rb3 e5 33. Kf1 Kf7 34. Ke2 f4 35. Kd2 Ke6 36. Kc2 Kf5 37. f3 fxg3 38. hxg3 g5 39. g4+ Kf4 40. d4 Rc8+ 41. Kb1 Rxd4 42. Bc1+ Kg3 43. Kb2 Rdc4 44. Be3 Rc2+ 45. Kb1 R2c3 46. Raa3 Rb8 47. Rxb8 Rxa3 48. Bc1 Rxf3 49. Rb4 Kh3 50. Rb6 Kxg4 51. Rxh6 Rf5 52. Rg6 e4 53. Kc2 Rc5+ 54. Kd1 Kh4 55. Be3 Rb5 56. Ke2 g4 57. Bf2+ Kh5 58. Re6 Rb4 59. Re5+ Kg6 60. Ke3 Kf6 61. Ra5 Rb3+ 62. Kxe4 g3 63. Be3 g2 64. Rf5+ Ke6 65. Rg5 Rb2 66. Kf3 Kf6 67. Rg8 Kf7 68. Rg4 Ke6 69. Bf2 Kf5 70. Rxg2 Rb3+ 71. Be3 Ra3 72. Rg5+ Kf6 73. Rb5 Ra4 74. Bd2 Ra3+ 75. Ke4 Ra6 76. Bc3+ Ke6 77. Rh5 Ra4+ 78. Bd4 Ra2 79. Rh6+ Ke7 80. Bc5+ Kf7 81. Kf5 Ra5 82. Rh7+ Ke8 83. Ke6 Ra6+ 84. Bd6 1-0

[Event "DM Kandidatklassen 2024"]
[Site "Svendborg"]
[Date "2024.03.28"]
[Round "3"]
[White "Medhus, Vitus Bondo"]
[Black "Veiergang, Oscar Jacob"]
[Result "1-0"]
[WhiteElo "2096"]
[BlackElo "2041"]
[PlyCount "95"]
[EventDate "2024.03.26"]
[EventType "swiss"]
[EventRounds "7"]
[EventCountry "DEN"]
[SourceTitle "Live v. Kasper Jerwiarz"]

1. e4 e5 2. Nf3 Nc6 3. Bb5 a6 4. Ba4 Nf6 5. O-O Be7 6. Re1 b5 7. Bb3 O-O 8. c3 d5 9. exd5 Nxd5 10. Nxe5 Nxe5 11. Rxe5 c6 12. d4 Bd6 13. Re1 Qh4 14. g3 Qh3 15. Bxd5 cxd5 16. Qf3 Bf5 17. Qg2 Rae8 18. Be3 Qh5 19. Qxd5 Rd8 20. Qg2 Bh3 21. Qh1 f5 22. f4 g5 23. Qb7 gxf4 24. gxf4 Rd7 25. Qd5+ Kh8 26. Kf2 Rg8 27. Nd2 Rg2+ 28. Qxg2 Bxg2 29. Kxg2 Rg7+ 30. Kh1 Qh3 31. Re2 Re7 32. Rae1 Qh5 33. Rf2 Qe8 34. Nf1 Qc6+ 35. Kg1 Rg7+ 36. Ng3 Qd5 37. Kf1 Qc4+ 38. Rfe2 Rg4 39. d5 Qxd5 40. Rd2 Qc4+ 41. Ree2 Bxf4 42. Rd8+ Kg7 43. Rd4 Qxa2 44. Bxf4 Kg6 45. Kf2 Qb1 46. Rd6+ Kf7 47. Rd7+ Kf6 48. Nh5+ 1-0

[Event "DM Kandidatklassen 2024"]
[Site "Svendborg"]
[Date "2024.03.28"]
[Round "3"]
[White "Jarlskov, Daniel Tuk Hartso"]
[Black "Sandmann, Villads Majvang"]
[Result "1/2-1/2"]
[WhiteElo "2130"]
[BlackElo "1983"]
[PlyCount "172"]
[EventDate "2024.03.26"]
[EventType "swiss"]
[EventRounds "7"]
[EventCountry "DEN"]
[SourceTitle "Live v. Kasper Jerwiarz"]

1. d4 Nf6 2. c4 e6 3. Nf3 b6 4. g3 Ba6 5. Qa4 Bb7 6. Bg2 c5 7. O-O cxd4 8. Nxd4 Bxg2 9. Kxg2 Bc5 10. Nb5 Nc6 11. Bf4 O-O 12. N1c3 a6 13. Nd6 Nh5 14. Nde4 Nxf4+ 15. gxf4 Qh4 16. e3 Qg4+ 17. Ng3 f5 18. Qd1 Qxd1 19. Raxd1 Rfd8 20. Na4 Kf7 21. Nxc5 bxc5 22. Rd2 Ke7 23. Rfd1 g6 24. Ne2 d6 25. Ng1 Rd7 26. Nf3 Rad8 27. h4 h5 28. Ne1 d5 29. cxd5 Rxd5 30. Rxd5 exd5 31. Rc1 Kd6 32. Nf3 Rb8 33. b3 d4 34. Kf1 Kd5 35. Ke2 a5 36. Ne5 Nxe5 37. fxe5 a4 38. bxa4 Rb2+ 39. Kf3 Rxa2 40. e6 Kxe6 41. Rxc5 dxe3 42. Rc6+ Kf7 43. Rc7+ Kf6 44. Rc6+ Kg7 45. Rc7+ Kh6 46. fxe3 Rxa4 47. Kg3 Rg4+ 48. Kh3 Re4 49. Rc3 Kg7 50. Ra3 Kf7 51. Ra7+ Ke8 52. Ra3 Kd7 53. Kg3 Kc7 54. Rb3 Kc6 55. Ra3 Rg4+ 56. Kh3 Kd5 57. Ra8 Ke4 58. Re8+ Kf3 59. Re6 Kf2 60. Ra6 Kxe3 61. Rb6 Kd4 62. Ra6 Ke4 63. Ra4+ Ke5 64. Ra6 f4 65. Ra5+ Kf6 66. Ra6+ Kg7 67. Ra7+ Kh6 68. Rf7 Rg3+ 69. Kh2 Rg4 70. Kh3 Rg1 71. Rxf4 Kg7 72. Rf2 Ra1 73. Rf3 Ra5 74. Rb3 Kf6 75. Rf3+ Rf5 76. Ra3 Ke5 77. Ra5+ Kf6 78. Ra6+ Kg7 79. Ra7+ Kh6 80. Ra3 Re5 81. Rb3 Kg7 82. Rf3 Re6 83. Kg3 Re5 84. Kh3 Rf5 85. Ra3 Kf6 86. Ra6+ Kg7 1/2-1/2

[Event "DM Kandidatklassen 2024"]
[Site "Svendborg"]
[Date "2024.03.28"]
[Round "3"]
[White "Zander, Emil"]
[Black "Meskenas, Paulius"]
[Result "0-1"]
[WhiteElo "2137"]
[BlackElo "2187"]
[PlyCount "108"]
[EventDate "2024.03.26"]
[EventType "swiss"]
[EventRounds "7"]
[EventCountry "DEN"]
[SourceTitle "Live v. Kasper Jerwiarz"]

1. e4 e5 2. Nf3 Nc6 3. Bc4 Bc5 4. c3 Nf6 5. d3 d6 6. O-O a5 7. Re1 O-O 8. h3 h6 9. d4 Bb6 10. Bb3 Re8 11. Bc2 Bd7 12. Be3 exd4 13. Bxd4 Nxd4 14. cxd4 c5 15. d5 a4 16. Qd3 Ba5 17. Nbd2 b5 18. b3 axb3 19. axb3 Qc7 20. e5 dxe5 21. d6 Qb7 22. Rxe5 Bxd2 23. Rxa8 Qxa8 24. Rxe8+ Qxe8 25. Qxd2 Qe6 26. Qf4 Ne8 27. Qe5 Qxd6 28. Qe2 Qe6 29. Qd3 Nf6 30. Qc3 Qd5 31. Bd3 Ne4 32. Bxe4 Qxe4 33. Qxc5 Qb1+ 34. Kh2 Qxb3 35. Ne5 Be6 36. Nc6 Qc4 37. Qd6 Kh7 38. Nb4 Qe2 39. Qd4 Bc4 40. Qf4 Qe6 41. Qd2 Qe5+ 42. Kg1 Kh8 43. Qd8+ Kh7 44. Qd2 g6 45. Nc6 Qd5 46. Qxd5 Bxd5 47. Nb4 Bc4 48. g3 g5 49. Kg2 Kg6 50. h4 gxh4 51. gxh4 Kf5 52. Kf3 h5 53. Nc2 Bd5+ 54. Ke3 Kg4 0-1

[Event "DM Kandidatklassen 2024"]
[Site "Svendborg"]
[Date "2024.03.28"]
[Round "3"]
[White "Thorsen, Adrian Stenstrop"]
[Black "Iskos, Lukas"]
[Result "1-0"]
[WhiteElo "2163"]
[BlackElo "2059"]
[PlyCount "53"]
[EventDate "2024.03.26"]
[EventType "swiss"]
[EventRounds "7"]
[EventCountry "DEN"]
[SourceTitle "Live v. Kasper Jerwiarz"]

1. e4 c5 2. Nf3 Nc6 3. Bb5 g6 4. O-O Bg7 5. c3 e5 6. d4 cxd4 7. cxd4 Nxd4 8. Nxd4 exd4 9. Bf4 Ne7 10. Bd6 Qb6 11. Bxe7 Kxe7 12. Na3 d6 13. Bd3 Re8 14. Nc4 Qc5 15. Rc1 Bd7 16. Ne3 Qa5 17. b4 Qxa2 18. Nd5+ Kf8 19. Bc4 Qa3 20. Ra1 Qb2 21. Ra2 Qxa2 22. Bxa2 Rxe4 23. Qf3 f5 24. Nc7 Rc8 25. Qb3 Ke7 26. Qf7+ Kd8 27. Ne6+ 1-0

[Event "DM Kandidatklassen 2024"]
[Site "Svendborg"]
[Date "2024.03.28"]
[Round "3"]
[White "Hansen, Per"]
[Black "Riis, Soren Moller"]
[Result "1-0"]
[WhiteElo "2095"]
[BlackElo "2216"]
[PlyCount "35"]
[EventDate "2024.03.26"]
[EventType "swiss"]
[EventRounds "7"]
[EventCountry "DEN"]
[SourceTitle "Live v. Kasper Jerwiarz"]

1. d4 Nf6 2. Nc3 d5 3. Bf4 a6 4. e3 e6 5. g4 Bd6 6. Qf3 h6 7. h4 b5 8. g5 hxg5 9. hxg5 Rxh1 10. Qxh1 Ng8 11. Qh8 Kf8 12. Bd3 g6 13. Nf3 Bxf4 14. exf4 Nc6 15. O-O-O Qd6 16. Ne2 Bd7 17. Rh1 Nce7 18. Rh7 1-0

[Event "DM Kandidatklassen 2024"]
[Site "Svendborg"]
[Date "2024.03.28"]
[Round "3"]
[White "Gregor, Bjarke"]
[Black "Koch Mueller, Oscar"]
[Result "0-1"]
[WhiteElo "2127"]
[BlackElo "1996"]
[PlyCount "58"]
[EventDate "2024.03.26"]
[EventType "swiss"]
[EventRounds "7"]
[EventCountry "DEN"]
[SourceTitle "Live v. Kasper Jerwiarz"]

1. e4 e6 2. d4 d5 3. e5 c5 4. c3 Qb6 5. Nf3 Nc6 6. Bd3 cxd4 7. O-O Bd7 8. Re1 Nge7 9. h4 a6 10. Nbd2 dxc3 11. bxc3 Qc7 12. Nb3 Ng6 13. Qe2 f6 14. exf6 gxf6 15. c4 O-O-O 16. Rb1 Bb4 17. Rd1 Rhe8 18. c5 Nb8 19. a3 Bc3 20. Qc2 Be5 21. Bd2 Ba4 22. Bxg6 hxg6 23. Nxe5 Qxe5 24. Ba5 Rd7 25. Qxg6 Rde7 26. Re1 Qf5 27. Qxf5 exf5 28. Nd4 Re5 29. Nxf5 Rxf5 0-1

[Event "DM Kandidatklassen 2024"]
[Site "Svendborg"]
[Date "2024.03.28"]
[Round "3"]
[White "Wahlgreen, Noah Krug"]
[Black "Thuesen, Mogens Henrik"]
[Result "0-1"]
[WhiteElo "2051"]
[BlackElo "2158"]
[PlyCount "122"]
[EventDate "2024.03.26"]
[EventType "swiss"]
[EventRounds "7"]
[EventCountry "DEN"]
[SourceTitle "Live v. Kasper Jerwiarz"]

1. d4 Nf6 2. Bf4 c5 3. e3 g6 4. Nf3 Bg7 5. Be2 O-O 6. O-O d6 7. h3 Nc6 8. Bh2 cxd4 9. exd4 Bf5 10. Nbd2 Ne4 11. Nc4 Rb8 12. a4 Rc8 13. c3 Na5 14. Ne3 Be6 15. Qc2 Nf6 16. Nd2 Nd5 17. Bf3 Nxe3 18. fxe3 Nc4 19. Rfe1 Qb6 20. Nxc4 Bxc4 21. a5 Qb5 22. Qa4 Qxb2 23. Qd7 Bf6 24. Bxb7 Rfd8 25. Rab1 Qxc3 26. Qa4 Bd3 27. Ra1 Rc7 28. a6 Bg5 29. Qd1 Bc2 30. Qf3 Qb2 31. Bf4 Bxf4 32. Qxf4 Bf5 33. Kh1 Rc2 34. Rf1 Rf8 35. Qg5 e5 36. Rab1 Qa2 37. Ra1 Qe6 38. d5 Qd7 39. Bc6 Qc8 40. Ra4 f6 41. Qh4 Rb2 42. e4 g5 43. Qg3 Bg6 44. Qa3 Qb8 45. Bb7 Rb6 46. Rc4 Qd8 47. Rc8 Qd7 48. Rxf8+ Kxf8 49. Rxf6+ Kg7 50. Bc6 Qe7 51. Rxd6 Kh8 52. Qc5 Rb1+ 53. Kh2 Qf8 54. Rd8 Qxd8 55. Qxa7 Rb6 56. Kh1 Bxe4 57. Qf7 Rb1+ 58. Kh2 Rb2 59. Kg1 Qb6+ 60. Kh1 Bxg2+ 61. Kh2 Bxd5+ 0-1

[Event "DM Kandidatklassen 2024"]
[Site "Svendborg"]
[Date "2024.03.28"]
[Round "3"]
[White "Wehding, Anton Bonsvig"]
[Black "Nielsen, Phillip"]
[Result "1/2-1/2"]
[WhiteElo "2056"]
[BlackElo "2021"]
[PlyCount "121"]
[EventDate "2024.03.26"]
[EventType "swiss"]
[EventRounds "7"]
[EventCountry "DEN"]
[SourceTitle "Live v. Kasper Jerwiarz"]

1. c4 e5 2. Nc3 Nc6 3. g3 f5 4. Bg2 Nf6 5. e3 Bb4 6. Nge2 O-O 7. O-O e4 8. f3 exf3 9. Bxf3 Kh8 10. d4 Ne7 11. Qd3 Bxc3 12. Nxc3 d5 13. b3 Re8 14. Ba3 dxc4 15. bxc4 Ng6 16. Rad1 c6 17. Bg2 Ng4 18. Bc1 Nh6 19. e4 fxe4 20. Bxe4 Bh3 21. Rfe1 Nf7 22. Qf3 Qd7 23. Bxg6 Rxe1+ 24. Rxe1 hxg6 25. d5 cxd5 26. Qxd5 Rd8 27. Qxd7 Rxd7 28. Nd5 Nd6 29. Ne7 Kh7 30. Bg5 Nf5 31. Nd5 Nd4 32. Rd1 Nf3+ 33. Kf2 Nxg5 34. Rd4 Kg8 35. g4 Rf7+ 36. Kg3 Bf1 37. Nf4 Rc7 38. h4 Nf7 39. Nxg6 Bxc4 40. a4 b5 41. Re4 Nd6 42. Rd4 Ne8 43. Ne5 a6 44. Rd8 Kf8 45. axb5 axb5 46. Ng6+ Kf7 47. h5 Ba2 48. Ra8 Bb1 49. Rb8 Nd6 50. Rb6 Bxg6 51. Rxd6 Bc2 52. Rb6 Bd3 53. Kf4 Ke7 54. g5 Kd7 55. Ke5 Kc8 56. Kd4 Rd7+ 57. Kc3 Kc7 58. Re6 Kb7 59. Kb4 Rc7 60. Rd6 Rc4+ 61. Kxb5 1/2-1/2

[Event "DM Kandidatklassen 2024"]
[Site "Svendborg"]
[Date "2024.03.28"]
[Round "3"]
[White "Snedker, Oliver Kaehne"]
[Black "Nielsen, Henning"]
[Result "0-1"]
[WhiteElo "2015"]
[BlackElo "2025"]
[PlyCount "98"]
[EventDate "2024.03.26"]
[EventType "swiss"]
[EventRounds "7"]
[EventCountry "DEN"]
[SourceTitle "Live v. Kasper Jerwiarz"]

1. e4 e5 2. Nf3 Nc6 3. Bb5 a6 4. Ba4 Nf6 5. d3 b5 6. Bb3 Be7 7. a4 b4 8. a5 O-O 9. O-O d6 10. Nbd2 Rb8 11. h3 h6 12. Nc4 Re8 13. Re1 Bf8 14. Ba4 Bd7 15. d4 Nxd4 16. Nxd4 Bxa4 17. Rxa4 exd4 18. Qxd4 d5 19. Nd2 c5 20. Qd3 c4 21. Qd4 Nxe4 22. Nxe4 Rxe4 23. Rxe4 dxe4 24. Be3 Qxd4 25. Bxd4 Rd8 26. c3 f6 27. Kf1 Rd5 28. Ke2 Kf7 29. Ke3 f5 30. cxb4 Ke6 31. Bc3 g5 32. Ra1 Bd6 33. Ra4 Bb8 34. Ra3 Ba7+ 35. Ke2 f4 36. Bg7 h5 37. Rc3 Bd4 38. Bxd4 Rxd4 39. b3 Kd5 40. bxc4+ Rxc4 41. Rb3 Kc6 42. g3 Kb5 43. h4 fxg3 44. hxg5 Rc2+ 45. Ke3 g2 46. Rb1 h4 47. f4 h3 48. g6 h2 49. g7 g1=Q+ 0-1

[Event "DM Kandidatklassen 2024"]
[Site "Svendborg"]
[Date "2024.03.29"]
[Round "4"]
[White "Rewitz, Poul"]
[Black "Hansen, Soren Bech"]
[Result "1-0"]
[WhiteElo "2241"]
[BlackElo "2213"]
[PlyCount "73"]
[EventDate "2024.03.26"]
[EventType "swiss"]
[EventRounds "7"]
[EventCountry "DEN"]
[SourceTitle "Live v. Kasper Jerwiarz"]

1. d4 d5 2. Nf3 e6 3. e3 Nf6 4. Bd3 b6 5. Nbd2 Bb7 6. O-O Nbd7 7. b3 Bd6 8. Bb2 O-O 9. Ne5 Ne4 10. c4 a5 11. a3 f6 12. cxd5 exd5 13. Nxe4 fxe5 14. Nxd6 cxd6 15. dxe5 dxe5 16. Rc1 Nc5 17. Bb5 Qg5 18. b4 axb4 19. axb4 d4 20. g3 dxe3 21. bxc5 exf2+ 22. Rxf2 Rxf2 23. Kxf2 Rf8+ 24. Ke1 Qf5 25. Qc2 Be4 26. Qe2 bxc5 27. Rxc5 Bf3 28. Qc4+ Kh8 29. Rxe5 Qb1+ 30. Qc1 Qa2 31. Bc4 Qa8 32. Re7 Bd5 33. Bxg7+ Kg8 34. Qg5 Rf1+ 35. Bxf1 Qa1+ 36. Bxa1+ Kf8 37. Qg7# 1-0

[Event "DM Kandidatklassen 2024"]
[Site "Svendborg"]
[Date "2024.03.29"]
[Round "4"]
[White "Loftgaard, Mikkel Vinh"]
[Black "Falkesgaard, Jeppe Hald"]
[Result "0-1"]
[WhiteElo "2224"]
[BlackElo "2200"]
[PlyCount "100"]
[EventDate "2024.03.26"]
[EventType "swiss"]
[EventRounds "7"]
[EventCountry "DEN"]
[SourceTitle "Live v. Kasper Jerwiarz"]

1. e4 c5 2. Nf3 e6 3. c3 Nc6 4. d4 d5 5. exd5 exd5 6. Bb5 Bd6 7. O-O Nf6 8. Re1+ Be6 9. Bg5 O-O 10. Bxc6 bxc6 11. Nbd2 Rb8 12. dxc5 Bxc5 13. Nb3 Be7 14. Nfd4 Qd7 15. Bxf6 Bxf6 16. Nc5 Qd6 17. Ncxe6 fxe6 18. Rxe6 Qd7 19. Re2 c5 20. Ne6 Rfc8 21. Qd3 d4 22. cxd4 cxd4 23. g3 Rb6 24. Rae1 Qd5 25. Qa3 Qd6 26. Qxa7 d3 27. Rd2 Ra6 28. Qb7 Re8 29. Qb3 Rxe6 30. Rxd3 Qb6 31. Rxe6 Qxb3 32. Rxb3 Rxe6 33. a4 Re2 34. Rb8+ Kf7 35. b4 Ra2 36. a5 Bd4 37. Kh1 Bxf2 38. Rb7+ Kg6 39. Kg2 Bd4+ 40. Kf3 Ra4 41. h4 Bc3 42. Rb6+ Kh5 43. Rb5+ Kh6 44. Rb6+ g6 45. b5 Bxa5 46. Ra6 Ra3+ 47. Ke4 Bb4 48. Rxa3 Bxa3 49. Kd5 Bb4 50. b6 Be1 0-1

[Event "DM Kandidatklassen 2024"]
[Site "Svendborg"]
[Date "2024.03.29"]
[Round "4"]
[White "Meskenas, Paulius"]
[Black "Medhus, Vitus Bondo"]
[Result "0-1"]
[WhiteElo "2187"]
[BlackElo "2096"]
[PlyCount "62"]
[EventDate "2024.03.26"]
[EventType "swiss"]
[EventRounds "7"]
[EventCountry "DEN"]
[SourceTitle "Live v. Kasper Jerwiarz"]

1. e4 c5 2. Nf3 Nc6 3. d4 cxd4 4. Nxd4 e5 5. Nb3 Nf6 6. Nc3 Bb4 7. f3 d5 8. exd5 Nxd5 9. Bd2 Nxc3 10. bxc3 Ba3 11. Bd3 Qh4+ 12. g3 Qh3 13. Kf2 f5 14. Bc1 Bxc1 15. Qxc1 O-O 16. Bc4+ Kh8 17. Qg5 f4 18. Bd3 h6 19. Qg6 Bf5 20. Bxf5 Rxf5 21. g4 Rg5 22. Qf7 Rd8 23. Rae1 h5 24. Qxb7 e4 25. Rxe4 hxg4 26. Rxf4 gxf3 27. Re4 Rg2+ 28. Ke1 f2+ 29. Ke2 f1=Q+ 30. Kxf1 Rd1+ 31. Re1 Qf3# 0-1

[Event "DM Kandidatklassen 2024"]
[Site "Svendborg"]
[Date "2024.03.29"]
[Round "4"]
[White "Perets, Dmytro"]
[Black "Thorsen, Adrian Stenstrop"]
[Result "0-1"]
[WhiteElo "2137"]
[BlackElo "2163"]
[PlyCount "52"]
[EventDate "2024.03.26"]
[EventType "swiss"]
[EventRounds "7"]
[EventCountry "DEN"]
[SourceTitle "Live v. Kasper Jerwiarz"]

1. d3 d5 2. Nf3 Nc6 3. g3 e5 4. Bg2 f6 5. e4 dxe4 6. dxe4 Qxd1+ 7. Kxd1 Be6 8. Be3 Nh6 9. h3 Nf7 10. Nbd2 O-O-O 11. c3 Nd6 12. b3 Nxe4 13. Nxe5 Nxc3+ 14. Kc2 Bf5+ 15. Kxc3 Bb4+ 16. Kb2 Nxe5 17. Be4 Rxd2+ 18. Bxd2 Bxe4 19. Bxb4 Bxh1 20. Rxh1 Nd3+ 21. Kc3 Nxf2 22. Rh2 Ne4+ 23. Kd3 Nxg3 24. Rg2 Nf5 25. Ke4 g6 26. Bc3 Re8+ 0-1

[Event "DM Kandidatklassen 2024"]
[Site "Svendborg"]
[Date "2024.03.29"]
[Round "4"]
[White "Hansen, Per"]
[Black "Jarlskov, Daniel Tuk Hartso"]
[Result "0-1"]
[WhiteElo "2095"]
[BlackElo "2130"]
[PlyCount "70"]
[EventDate "2024.03.26"]
[EventType "swiss"]
[EventRounds "7"]
[EventCountry "DEN"]
[SourceTitle "Live v. Kasper Jerwiarz"]

1. d4 d5 2. Nc3 Nf6 3. Bf4 c6 4. e3 Bf5 5. f3 e6 6. g4 Bg6 7. h4 h5 8. g5 Nfd7 9. e4 Qb6 10. a3 dxe4 11. fxe4 e5 12. dxe5 Bc5 13. Nf3 Bf2+ 14. Ke2 Qxb2 15. e6 Nc5 16. exf7+ Bxf7 17. Be5 Qb6 18. Nd4 Bxd4 19. Bxd4 O-O 20. g6 Be6 21. Ke3 Qc7 22. e5 Bg4 23. Bc4+ Kh8 24. Be2 Ne6 25. Bxg4 Nxd4 26. Qxd4 hxg4 27. Ne4 Nd7 28. h5 Rf3+ 29. Ke2 Qxe5 30. Qxe5 Nxe5 31. Rhf1 Raf8 32. Rxf3 gxf3+ 33. Ke3 Ng4+ 34. Kd2 Rd8+ 35. Ke1 Re8 0-1

[Event "DM Kandidatklassen 2024"]
[Site "Svendborg"]
[Date "2024.03.29"]
[Round "4"]
[White "Thuesen, Mogens Henrik"]
[Black "Nielsen Refs, Karl Emil Elmer"]
[Result "1-0"]
[WhiteElo "2158"]
[BlackElo "2067"]
[PlyCount "87"]
[EventDate "2024.03.26"]
[EventType "swiss"]
[EventRounds "7"]
[EventCountry "DEN"]
[SourceTitle "Live v. Kasper Jerwiarz"]

1. d4 Nf6 2. c4 e6 3. Nc3 Bb4 4. e3 O-O 5. Bd3 d5 6. Nf3 dxc4 7. Bxc4 b6 8. O-O Bb7 9. Qe2 Nbd7 10. Rd1 Qe7 11. a3 Bxc3 12. bxc3 e5 13. Bb2 Rfe8 14. Ba2 e4 15. Ng5 Rf8 16. a4 c5 17. Ba3 h6 18. Nh3 g5 19. a5 Rfd8 20. Rab1 Bd5 21. Rdc1 Be6 22. Bxe6 Qxe6 23. Qa6 c4 24. Kh1 Rdc8 25. Ng1 Nd5 26. Ne2 Nb8 27. Qb5 a6 28. Qb2 b5 29. Qd2 Nc6 30. Bb4 h5 31. Rf1 Rc7 32. f3 exf3 33. Rxf3 g4 34. Nf4 Qe4 35. Rff1 Nxe3 36. Nxh5 Qg6 37. Nf6+ Kg7 38. Qxe3 Rh8 39. Ne8+ Kg8 40. Nxc7 g3 41. h3 Nd8 42. Rbe1 Qg4 43. Qe8+ Kg7 44. Qxh8+ 1-0

[Event "DM Kandidatklassen 2024"]
[Site "Svendborg"]
[Date "2024.03.29"]
[Round "4"]
[White "Koch Mueller, Oscar"]
[Black "Veiergang, Oscar Jacob"]
[Result "1/2-1/2"]
[WhiteElo "1996"]
[BlackElo "2041"]
[PlyCount "87"]
[EventDate "2024.03.26"]
[EventType "swiss"]
[EventRounds "7"]
[EventCountry "DEN"]
[SourceTitle "Live v. Kasper Jerwiarz"]

1. d4 Nf6 2. c4 g6 3. h4 Bg7 4. Nc3 c5 5. d5 d6 6. e4 e6 7. Be2 exd5 8. exd5 h5 9. Nf3 O-O 10. Bf4 a6 11. Qb3 Re8 12. O-O Qc7 13. Ng5 Bf5 14. Rfe1 Nbd7 15. Bf3 Ng4 16. Be4 Nh6 17. g3 Bxe4 18. Ngxe4 Nf5 19. Qd1 Ne5 20. Bxe5 Rxe5 21. Ng5 Rxe1+ 22. Qxe1 Qd7 23. Qd2 b5 24. Re1 bxc4 25. Qf4 Rb8 26. Qxc4 Rxb2 27. Nge4 Nd4 28. Kg2 Qg4 29. Ng5 Bf6 30. Re4 Qc8 31. Rf4 Nf5 32. Rf3 Rc2 33. Nge4 Bxc3 34. Nxc3 Nd4 35. Re3 Qf5 36. Qf1 Qg4 37. Ne4 Qf5 38. Nxd6 Qxd5+ 39. Ne4 f5 40. Qxa6 fxe4 41. Qxg6+ Kf8 42. Rxe4 Re2 43. Qf6+ Kg8 44. Qg6+ 1/2-1/2

[Event "DM Kandidatklassen 2024"]
[Site "Svendborg"]
[Date "2024.03.29"]
[Round "4"]
[White "Sandmann, Villads Majvang"]
[Black "Zander, Emil"]
[Result "0-1"]
[WhiteElo "1983"]
[BlackElo "2137"]
[PlyCount "156"]
[EventDate "2024.03.26"]
[EventType "swiss"]
[EventRounds "7"]
[EventCountry "DEN"]
[SourceTitle "Live v. Kasper Jerwiarz"]

1. d4 Nf6 2. c4 e6 3. Nf3 d5 4. g3 dxc4 5. Bg2 c5 6. O-O Nc6 7. dxc5 Qxd1 8. Rxd1 Bxc5 9. Nbd2 c3 10. bxc3 O-O 11. Nb3 Be7 12. Nfd4 Nxd4 13. cxd4 Nd5 14. Bd2 f5 15. e3 Bd7 16. Nc5 Bxc5 17. dxc5 Bc6 18. Bxd5 Bxd5 19. Bc3 Rac8 20. Bd4 Rc6 21. a4 Re8 22. f4 Kf7 23. a5 Ra6 24. Kf2 Rc8 25. Ke2 h6 26. Kf2 g5 27. h4 Kg6 28. Rg1 Kh5 29. hxg5 hxg5 30. Rgc1 Kg6 31. Kg1 Be4 32. Ra2 Rc7 33. Rca1 e5 34. fxe5 Rh7 35. Rh2 Rxh2 36. Kxh2 Kf7 37. g4 f4 38. exf4 gxf4 39. g5 Kg6 40. Re1 Kf5 41. Kg1 Rg6 42. Kf2 Rxg5 43. e6 Rg2+ 44. Kf1 Rg6 45. c6 bxc6 46. Bxa7 Rxe6 47. Ra1 Bd3+ 48. Kg1 Ba6 49. Ra2 Re1+ 50. Kg2 Kg4 51. Bf2 Rb1 52. Rd2 Bc4 53. Bb6 Bd5+ 54. Kf2 Ra1 55. Bc7 Ra4 56. Rb2 Kf5 57. Bb6 Ra3 58. Rd2 Rf3+ 59. Ke2 Rh3 60. Kf2 Rh2+ 61. Ke1 Rh1+ 62. Kf2 Bc4 63. Kg2 Rb1 64. Kf2 Rf1+ 65. Kg2 Rc1 66. Bc7 Ke4 67. Rf2 Bd5 68. Bxf4 Ra1 69. Bd2 c5 70. Kg3 Rg1+ 71. Kh2 Rg6 72. Rf8 Kd4 73. Be1 c4 74. Rc8 Rg2+ 75. Kh3 Re2 76. Kg3 Rxe1 77. Kf2 Re6 78. Rc7 c3 0-1